[Event "EU-chT (Men) 15th"]
[Site "Gothenburg"]
[Date "2005.07.31"]
[Round "2.4"]
[White "Timman, Jan H"]
[Black "Kuzubov, Yuriy"]
[Result "1-0"]
[WhiteElo "2625"]
[BlackElo "2535"]
[Annotator "Ribli,Z"]
[PlyCount "77"]
[EventDate "2005.07.30"]
[EventType "team-swiss"]
[EventRounds "9"]
[EventCountry "SWE"]
[SourceTitle "CBM 109"]
[Source "ChessBase"]
[SourceDate "2005.11.14"]
[SourceVersion "1"]
[SourceVersionDate "2005.11.14"]
[SourceQuality "1"]
[WhiteTeam "Netherlands"]
[BlackTeam "Ukraine"]
[WhiteTeamCountry "NED"]
[BlackTeamCountry "UKR"]

1. c4 e5 2. g3 Nf6 3. Bg2 Nc6 4. Nc3 Bb4 {Diese Variante hat keinen guten Ruf.
Mit vertauschten Farben ist nach 1.e4 c5 2.Nf3 Nc6 3.Nc3 g6 4.Bb5 eine
ähnliche Stellung erreicht; jedoch hat Weiß hier ein Tempo mehr, da sich der
weißfeldrige Läufer bereits auf g2 befindet.} 5. Nd5 Bc5 6. e3 Nxd5 7. cxd5 Ne7
(7... Nb4 8. d4 exd4 9. exd4 Bd6 (9... Bxd4 $2 10. a3 Qf6 11. Nf3 Bxb2 12. Bxb2
Qxb2 13. axb4 Qxb4+ 14. Qd2 Qxd2+ 15. Kxd2 $16) 10. a3 Na6 11. Ne2 c6 12. Nc3
cxd5 13. Qe2+ Qe7 14. Qxe7+ Kxe7 15. Nxd5+ Kf8 16. O-O {1-0 Balashov,Y-Pribyl,
J/Schwaebisch Gmuend 1998/CBM 62 ext (41)}) 8. Ne2 (8. b4 $5 Bb6 (8... Bxb4 9.
Qg4) 9. Bb2 $14) 8... O-O 9. O-O {Weiß rochiert zuerst und kann nachfolgend
mit Tempo d2-d4 ziehen. Der weiße Bauer auf d5 steht gut, da er die schwarzen
Entwicklungszüge am Damenflügel behindert.} (9. d4 exd4 10. exd4 $5 Bb6 11. d6
$5 cxd6 12. O-O d5 13. Bg5 {1-0 Marin,M-Nevednichy,V/Romania 2000/(60)}) 9...
c6 (9... d6 10. d4 Bb6 11. dxe5 dxe5 12. Nc3 c6 13. dxc6 Nxc6 14. Nd5 Be6 15.
b3 Bd4 16. exd4 Bxd5 17. dxe5 Bxg2 18. Qxd8 Rfxd8 19. Kxg2 Nxe5 20. Be3 f6 21.
Rfd1 {1-0 Dorfman,J-Nedev,T/Cannes 1996/EXT 98 (61)}) (9... Nf5 $6 10. b3 {
[%cal Gc1b2,Gb2g7]} d6 11. Bb2 $14 Bb6 12. a4 Bd7 $2 (12... a5 13. f4 $14) (
12... a6 13. a5 Ba7 14. f4 $14) 13. d4 $1 {[%csl Rb6][%cal Ra4a5,Ra5b6] 1-0
Balashov,Y-Najer,E/Elista 2000/CBM 079/[Ribli] (23)}) 10. d4 (10. Qc2 d6 11.
dxc6 bxc6 12. b3 Bf5 13. d3 Qd7 14. Bb2 Bb6 15. Rfc1 Rac8 16. Qd2 Bh3 17. Bh1
Ng6 18. d4 exd4 19. Bxd4 Rfe8 20. a4 {1-0 Gavrikov,V-Pulkkinen,K/Jyvaskyla
1999/EXT 2001 (47)}) 10... exd4 11. exd4 Bb6 {Der junge ukrainische Spieler
ist optimistisch, denn er fürchtet nicht 12.d6.} (11... Bd6 12. Nc3 (12. Bf4
$14) 12... cxd5 13. Nxd5 Nxd5 14. Bxd5 Qf6 15. Re1 Rb8 16. h4 h6 17. Qh5 b5 18.
Bg5 $2 hxg5 19. hxg5 g6 20. Qg4 Qf5 {0-1 Rasmussen,K-Bergstrom,C/Slagelse 1988/
EXT 2003 (29)}) 12. d6 {Eine agressive Fortsetzung; Weiß gewinnt Raum mit
Tempo. Obwohl er im weiteren Spielverlauf den d6-Bauern verlieren kann, erhält
er positionelles Druckspiel.} (12. Nc3 Nf5 (12... Nxd5 13. Nxd5 cxd5 14. Bxd5
$14) 13. dxc6 dxc6 14. d5 c5 $11) 12... Nf5 (12... Nd5 13. Bxd5 (13. Nc3 $14)
13... cxd5 14. Nc3 Qf6 15. Bf4 Qxd4 16. Rc1 $16) 13. Bf4 Qf6 (13... g5 14. Qd3)
14. Be5 Qh6 15. Nc3 (15. g4 Nh4 $13 (15... Nxd6 16. g5 Qe6 (16... Qg6 17. Nf4
$18) 17. Nf4 Qe7 18. Re1 $16)) 15... Nxd6 16. d5 $44 {[%csl Rc8] Weiß verfügt
über ein aktives Figurenspiel und ausreichende Kompensation für den Bauern.
Der c8B ist hingegen bisher vom Spielgeschehen abgeschnitten.} Nf5 (16... c5
17. Na4 $44) (16... Nc4 17. Bf4 $44) 17. d6 Re8 (17... Ne3 $5 18. fxe3 (18.
Bxg7 Qxg7 (18... Kxg7 19. fxe3 Bxe3+ 20. Kh1 $44) 19. fxe3 Bxe3+ 20. Kh1 $44)
18... Qxe3+ 19. Kh1 Qxe5) 18. Re1 Re6 (18... Ne3 $2 19. Bf4 $18) 19. Qd3 {
[%csl Gd6][%mdl 2048] Der weiße Pd6 paralysiert die schwarze Stellung.} Qh5 (
19... Qg6 20. Bf4 (20. Be4 Rxe5 (20... Bxf2+ 21. Kxf2 Rxe5 22. Kg2 $16 {
[%cal Re1f1,Rf1f5]}) 21. Bxf5 Qf6 22. Rxe5 Qxe5 23. Bxh7+ Kf8 24. Be4 Qd4 25.
Qxd4 Bxd4 26. Rd1) 20... Nd4 (20... Nh4 21. Be4 $16) 21. Be4 {Mit
Zugumstellung ist die Partiefortsetzung erreicht.}) 20. Bf3 Qg6 21. Bf4 Nd4 22.
Be4 Qh5 (22... f5 23. Bg2 $44) 23. Bg2 Qg6 24. Be4 Qh5 25. Na4 $1 {Weiß ist
mit der Zugwiederholung nicht zufrieden. Nach 26.Nxb6 "hängt" der d4-Springer.}
f5 (25... Ba5 26. Qxd4 Bxe1 27. Rxe1 f5 28. Nc5 Re8 (28... fxe4 29. Nxe6 dxe6
30. d7 $18) 29. Bd5+ cxd5 30. Re7 Rxe7 (30... Qg6 31. Qxd5+ Kh8 32. Qxf5 Rd8
33. Qxg6 hxg6 34. Be5 Rg8 35. Ne4 $18) 31. dxe7 d6 32. Qxd5+ Kh8 33. Qxd6 Qe8
34. Qd8 $18) 26. Nxb6 fxe4 27. Qxd4 axb6 28. Rxe4 $16 {[%csl Ra8,Rc8,Gd6]
Jetzt hat Weiß das materielle Gleichgewicht, aber er steht deutlich besser,
die schwarze Figuren stehen sehr passiv am Damenflügel und der Pd6 behindert
weiterhin die schwarze Entwicklung.} Qc5 (28... c5 29. Qd3 (29. Re5 Rxe5 30.
Qxe5 Qxe5 31. Bxe5 b5 32. Re1 Rxa2 33. Bc3 b4 34. Re8+ Kf7 35. Re7+ Kg6 36. Be5
$16) 29... Qf5 30. Rae1 $16) 29. Qd3 (29. Qxc5 bxc5 30. Rxe6 dxe6 31. Be5 $16)
29... Qf5 30. Rae1 Ra4 (30... Rxa2 31. R1e3 $1 $16 {Die weiße Drohung ist 32.
Rxe6.}) 31. f3 h5 (31... Rxa2 32. Qd4) 32. Qb3 {[%cal Gb3g8]} Raxe4 (32... b5
33. Re5 Qf7) 33. fxe4 (33. Rxe4) 33... Qc5+ 34. Kg2 g5 $2 {[%mdl 16384] Mit
diesem agressiven Zug verjagt Schwarz zwar den Läufer von f4, um sich endlich
vom Pd6 zu befreien, jedoch schwächt er seinen Königsflügel.} (34... b5 35. e5
$16) 35. Be3 Qxd6 36. Bxg5 Qc5 37. Bf6 {[%csl Gf6]} d5 38. e5 {[%cal Rb3d3,
Rd3g6,Rg6g8]} Qd4 $2 (38... Qc4 39. Qxb6 (39. Qe3 Qc2+ 40. Kh1 Qe4+ 41. Qxe4
dxe4 42. Rxe4 $16) 39... Re8 40. Qe3 Qg4 41. Rf1 $16) (38... Bd7 39. Qd3 (39.
Qf3 Qc2+ 40. Re2 Qg6) 39... Be8 40. Qf5 Bf7 $16) 39. Qc2 $18 {[%csl Rg8][%cal
Rc2g6,Rg6g8] Schwarz kann seinen König nicht verteidigen - er gab die Partie
auf. Interessanterweise steht der weiße Läufer von Schwarz auf seiner
Ausgangsposition und hatte während des gesamten Spielverlauf nicht Gelegenheit,
sich zu entwickeln.} (39. Qc2 Kf8 40. Qg6 Qxb2+ 41. Kf1 $18) 1-0

[Event "Leonid Stein Memorial"]
[Site "Lvov"]
[Date "2000.05.13"]
[Round "2"]
[White "Romanishin, Oleg M"]
[Black "Beliavsky, Alexander G"]
[Result "1-0"]
[WhiteElo "2578"]
[BlackElo "2640"]
[Annotator "Ribli,Z"]
[PlyCount "67"]
[EventDate "2000.05.12"]
[EventType "tourn"]
[EventRounds "10"]
[EventCountry "UKR"]
[EventCategory "17"]
[SourceTitle "CBM 077"]
[Source "ChessBase"]
[SourceDate "2000.07.27"]
[SourceVersion "1"]
[SourceVersionDate "2000.07.27"]
[SourceQuality "1"]

1. c4 e5 2. Nc3 Nc6 3. Nf3 f5 4. g3 {In dieser Stellung lautet die
Hauptfortsetzung 4.d4, aber der Textzug ist sehr interessant. Weiß provoziert
den Gegner e5-e4 zu spielen, wonach er die schwarze Bauernkette gut sprengen
kann.} (4. d4) 4... g6 (4... e4 $6 5. Nh4 g6 6. d3 exd3 7. Qxd3 Nf6 (7... Bg7
8. Bg2 Ne5 9. Qc2 Nf6 10. O-O c6 11. b3 Qe7 12. Bb2 O-O 13. Rad1 d6 14. Rfe1 f4
15. Ba3 Ne8 16. Nf3 {1/2-1/2 Sorokin,M-Salmensuu,O/Ubeda 1999/CBM 68 ext (16)})
8. Bg2 Bg7 9. O-O O-O 10. Nf3 $14 d6 11. Bf4 $1 Kh8 12. c5 $1 d5 13. Rad1 (13.
Rfd1 $5) 13... Be6 14. Nb5 Rc8 15. Ne5 {1/2-1/2 Sorokin,M-Gleizerov,E/Calcutta
75/23 1999/Inf 75/[Gleizerov,E] (27)}) 5. Bg2 Bg7 (5... e4 $5 {In dieser
Stellung kommt der Raumgewinnzug in Betracht - denn da der Zug g6 bereits
gespielt wurde, kommt Weiß nicht mit Tempo zu Nh4 und d3.}) 6. O-O Nge7 (6...
e4 $6 7. Ne1 $14) 7. Rb1 {Das ist eine besonders schlaue Zugfolge - Weiß
spielt nicht d3 und legt sich damit noch nicht auf einen Spielplan im Zentrum
fest.} d6 (7... e4 8. Ne1 d5 9. cxd5 Nxd5 10. Qb3 $13) 8. b4 e4 (8... Be6 9. b5
Na5 (9... Nd4 10. Ng5 $14) 10. Qa4 (10. d3 e4 11. Ng5 Bxc4 $13) 10... Nxc4 11.
Ng5 Nb6 12. Nxe6 Nxa4 13. Nxd8 Nxc3 14. dxc3 Rxd8 15. Bxb7 $13) 9. Ne1 Be6 10.
Bb2 $5 $13 {Weiß sorgt sich nicht um die Verteidigung der Bauernschwächen am
Damenflügel, sondern beendet die Entwicklung.} (10. Qb3 d5 $36) 10... Bxc4 (
10... O-O 11. b5 Ne5 12. d3 $14) (10... Nxb4 $6 11. Nxe4 Bxb2 12. Rxb2 $14) 11.
b5 Ne5 12. d3 exd3 (12... Be6 13. dxe4 fxe4 14. Nxe4 Bxa2 15. f4 $13) 13. Nxd3
Bxd3 $6 {Dieser Zug gefällt mir nicht - Schwarz gibt das Läuferpaar auf, und
seine Schwächen auf den weißen Feldern bleiben bestehen.} (13... Qc8 $5 14. Nf4
$44) 14. exd3 $44 O-O (14... Rb8 15. d4 $44 (15. Qb3 Nxd3 16. Ba1 Nc5 17. Qc4
$44 {[%csl Gc4,Re8][%cal Gc4g8] Schwarz hat zwei Bauern mehr, aber sein König
steht unsicher in der Mitte.})) 15. d4 Nd7 16. Bxb7 $14 {Bei materiellem
Gleichheit hat Weiß positionellen Vorteil - sein weißfeldrgier Läufer ist
stark.} Rb8 17. Bg2 f4 {Es scheint, als hätte Schwarz etwas Initiative am
Königsflügel, aber in Wirklichkeit kann er dort keine Drohungen aufstellen.}
18. a4 Kh8 19. Ne4 Nf5 (19... d5 20. Ng5 $14 {[%csl Ye6]}) 20. d5 $1 {Mit
diesem Zug vergrößert Weiß seinen Raumvorteil. Druch Abtausch des
schwarzfeldrigen Läufers wird die schwarze Königsstellung geschwächt.} Bxb2 (
20... Nc5 21. Bxg7+ Nxg7 22. Re1 $14) 21. Rxb2 a6 $2 {[%mdl 8192] Schwarz
möchte sich von seiner potentiellen Schwäche Pa7 befreien und anschließend
axb5 spielen.} 22. bxa6 $1 Ra8 (22... Rxb2 23. Qa1 $16 {[%csl Rh8][%cal Ra1h8]}
) 23. Qd3 $16 {[%cal Gd3a6,Gd3c3,Gc3h8]} Ne5 24. Qc3 {[%cal Gc3h8]} Ng7 (24...
fxg3 $2 25. f4 $18) 25. Rfb1 {[%cal Gb1b8]} Rxa6 (25... fxg3 26. hxg3 Rxa6 27.
f4 Nf7 28. Rb8 Qxb8 29. Rxb8 Rxb8 30. Qxc7 {[%cal Rc7f7,Rc7b8]} Rf8 31. Qe7
Raa8 (31... Kg8 $2 32. Nf6+ $18) 32. Nxd6 Nxd6 33. Qxd6 $18) 26. gxf4 Nd7 (
26... Nf7 27. Rb8 Qxb8 28. Rxb8 Rxb8 29. Qxc7 Rf8 30. Qe7 Raa8 31. Nxd6 $18)
27. Ng5 {[%mdl 2048] Weiß hat nur einen Bauern mehr, aber dank des aktiveren
Figurenspiels hat er die deutlich bessere Stellung.} Kg8 28. Ne6 Qf6 (28...
Nxe6 29. dxe6 Nb6 30. a5 Na4 31. Qc4 Nxb2 32. Rxb2 $18 {[%cal Rc4a6,Re6e7,
Re7f8,Re7d8,Rc4g8]}) 29. Qxc7 $18 (29. Qc4 $18) 29... Nxe6 30. dxe6 Qxe6 31.
Rb7 {[%cal Rb7h7] Das Eindringen auf der siebten Reihe ist tödlich.} Rf7 32.
Qc8+ Nf8 (32... Kg7 33. Rxd7 $18 {[%cal Rc8a6]}) 33. Qxe6 Nxe6 34. Bd5 1-0

[Event "Vrnjacka Banja"]
[Site "Vrnjacka Banja"]
[Date "1991.??.??"]
[Round "5"]
[White "Davies, Nigel Rodney"]
[Black "Malaniuk, Vladimir P"]
[Result "1/2-1/2"]
[WhiteElo "2500"]
[BlackElo "2500"]
[Annotator "Ribli,Z"]
[PlyCount "43"]
[EventDate "1991.04.??"]
[EventType "tourn"]
[EventRounds "15"]
[EventCountry "YUG"]
[EventCategory "9"]
[SourceTitle "CBM 023"]
[Source "ChessBase"]
[SourceDate "1991.08.01"]
[SourceVersion "1"]
[SourceVersionDate "1991.08.01"]
[SourceQuality "1"]

1. c4 f5 2. g3 Nf6 3. Bg2 g6 4. Nc3 Bg7 5. e3 O-O 6. Nge2 e5 7. O-O Nc6 8. d3 {
-> A 25} a5 $2 (8... d6) 9. b3 d6 10. Bb2 Ne7 11. f4 exf4 12. exf4 (12. gxf4 $5
) 12... c6 13. Qd2 Be6 14. Rae1 Bf7 15. Nd4 Qc7 16. Na4 Rfe8 17. Bc3 Nc8 18.
Qb2 Qd8 19. Rxe8+ Nxe8 20. Re1 Nb6 21. Nxb6 Qxb6 22. Kf1 $14 1/2-1/2

[Event "Vienna op"]
[Site "Vienna"]
[Date "1990.??.??"]
[Round "9"]
[White "Petursson, Margeir"]
[Black "Perovic, Dragan"]
[Result "1-0"]
[WhiteElo "2550"]
[BlackElo "2390"]
[Annotator "Ribli,Z"]
[PlyCount "78"]
[EventDate "1990.10.??"]
[EventType "swiss"]
[EventRounds "9"]
[EventCountry "AUT"]
[SourceTitle "CBM 021"]
[Source "ChessBase"]
[SourceDate "1991.04.01"]
[SourceVersion "1"]
[SourceVersionDate "1991.04.01"]
[SourceQuality "1"]

1. c4 e5 2. Nc3 Nc6 3. g3 g6 4. Bg2 f5 5. e3 Bg7 6. Nge2 Nf6 7. d3 O-O 8. O-O
Kh8 (8... Ne7 9. b3 $1 c6 10. Ba3 d6 11. Qd2 Be6 12. f4 $1 $14 {Ree,H-Peelen,P
Amsterdam OHRA-B 1989 CBM/15}) 9. Rb1 a5 10. b3 $5 (10. a3 Ne7 11. e4 d6 12.
Be3 Be6 13. Nd5 Nexd5 14. cxd5 Bd7 15. Qd2 c5 16. dxc6 Bxc6 $10 {Lalic,
B-Sokolov,I JUG-ch 1988 45/21}) 10... d6 11. Bb2 g5 12. f4 $5 Ng4 13. Nd5 (13.
Qd2 $5) 13... Nb4 14. Qd2 gxf4 15. exf4 c6 (15... Nxa2 $5 16. Ra1 c6 $1 17.
Rxa2 cxd5 18. Bxd5 Qb6+ 19. Kh1 Ne3 (19... Qxb3 20. Ra3 Qb6 $13) 20. Rfa1 Nxd5
21. cxd5 Qxb3 22. Rxa5 Rxa5 23. Rxa5 $13) 16. Nxb4 axb4 17. h3 Nh6 18. Ra1 c5
19. a3 $1 bxa3 20. Rxa3 Rxa3 21. Bxa3 Bd7 $2 22. fxe5 Qa8 23. Qc1 Qe8 24. d4 $1
b6 25. Re1 dxe5 26. dxe5 Qxe5 27. Nf4 Qc3 28. Qxc3 Bxc3 29. Rd1 Rf7 30. Rd6 Ng8
31. Rxb6 Bd4+ 32. Kh2 Rg7 33. Ne2 Be5 34. Bxc5 f4 35. Nxf4 Nf6 36. Rxf6 Bxf6
37. Nh5 Be5 38. Nxg7 Bxg7 39. Bd6 Bf5 1-0

[Event "Sakthi"]
[Site "Sakthi"]
[Date "1996.??.??"]
[Round "6"]
[White "Koshy, Varugeese"]
[Black "Adianto, Utut"]
[Result "0-1"]
[WhiteElo "2410"]
[BlackElo "2610"]
[Annotator "Ribli,Z"]
[PlyCount "50"]
[EventDate "1996.??.??"]
[EventType "tourn"]
[EventRounds "11"]
[EventCountry "IND"]
[EventCategory "9"]
[SourceTitle "CBM 053"]
[Source "ChessBase"]
[SourceDate "1996.08.01"]
[SourceVersion "1"]
[SourceVersionDate "1996.08.01"]
[SourceQuality "1"]

1. c4 e5 2. g3 Nf6 3. Bg2 Nc6 4. Nc3 Bc5 5. e3 O-O (5... d5 $5 {Wenn der
Nachziehende in dieser Variante d5 spielen will, dann sollte er es sofort tun.}
6. Nxd5 (6. cxd5 Nb4 7. d4 exd4 8. exd4 Be7 $1 9. Nge2 Bf5 (9... Nbxd5 10. O-O
Be6 11. Nf4 Nxf4 12. Bxf4 c6 $10 {Foiser,C-Korneev,O/Paris op/1995/}) 10. O-O
Nc2 11. Rb1 Nb4 $10 {Chernin,A-Miles,A/Moscow GMA-op/1989/}) 6... Nxd5 7. cxd5
Nb4 8. d3 O-O 9. a3 Nxd5 10. Nf3 Re8 11. O-O Bb6 $13 {Brunner,L-Hodgson,J/Biel/
1995/CBM49/}) 6. Nge2 d5 7. cxd5 (7. Nxd5 $5 {Meiner Meinung ist es für Weiß
günstiger, wenn er den c3-Springer fuer den f6-Springer tauscht, weil seinem
e2-Springer mehr Raum bleibt.} Nxd5 8. cxd5 Nb4 9. O-O (9. d4 exd4 10. exd4 Be7
$5 (10... Bb6 11. Qb3 $16 {Taimanov}) 11. Nc3 Bf5 $44) 9... Nxd5 10. Qc2 Qd6
11. a3 a5 12. Nc3 Nxc3 13. bxc3 Qe7 14. d4 $14 {Illescas Cordoba,M-Fernandez
Garcia,J/Barcelona/1990/CBM21/}) 7... Nb4 8. O-O Bg4 $5 $146 {Adiandto hat 200
ELO-Punkte mehr als sein Gegner und natürlich will er mit diesem
zweischneidigen Zug die Stellung verschärfen.} (8... Nbxd5 9. Nxd5 Nxd5 10. d4
exd4 11. Nxd4 c6 $10 {Ionescu,Co-Stoica,V/Romania ch/1982/}) 9. e4 (9. d4 exd4
10. exd4 Be7 $1 $13 (10... Bb6 $2 11. Bg5 $36)) 9... c6 10. h3 Bxe2 $1 11. Qxe2
(11. Nxe2 cxd5 12. exd5 Nbxd5 (12... Nfxd5 13. Qb3 $13) 13. d4 exd4 14. Nxd4
$10) 11... Nc2 $5 12. Rb1 cxd5 13. exd5 Nd4 {Schwarz ist viel besser
entwickelt und besitzt die sehr wichtigen Zentrumsfelder.} 14. Qd1 $6 {Weiss
sollte den zweiten Bauern auch nehmen.} (14. Qxe5 $5 Re8 15. Qf4 h6 16. d3 {
Schwarz hat einige Kompensation für das geopferte Material, weil die weißen
Figuren unkoordiniert sind. Dennoch: zwei Bauern sind zwei Bauern.}) 14... Nd7
15. b4 Bb6 16. Na4 f5 $1 {Völlig auf seine Angriffsplanung konzentriert
überläßt Adianto den Damenflügel seinem Gegner.} 17. Bb2 f4 18. Bxd4 $2 {
Dieser Zug hat zwei Fehler: 1. Der weisse Springer stellt sich auf a4 selbst
ins Abseits. 2.Der schwarze Laeufer auf d4 ist grossartig.} (18. Nxb6 $5 Qxb6
$132) 18... Bxd4 {>< g3,f2} 19. Kh2 e4 $1 {Schwarz findet ein sehr starkes
Bauernopfer, um seinen Turm zu aktivieren.} 20. Bxe4 Ne5 {Droht /\ Bxf2, fxg3,
Qg5} 21. Qh5 g6 22. Qh4 Qd6 23. Nc5 Bxf2 $1 {Nach diesem schoenen Opfer ist
Weiss hilflos.} 24. Rxf2 fxg3+ 25. Qxg3 Rxf2+ (25... Rxf2+ 26. Qxf2 Ng4+ $19 {
Ribli}) 0-1

[Event "Helsinki op"]
[Site "Helsinki"]
[Date "1992.??.??"]
[Round "4"]
[White "Serper, Grigory"]
[Black "Rublevsky, Sergei"]
[Result "1/2-1/2"]
[WhiteElo "2575"]
[BlackElo "2535"]
[Annotator "Ribli,Z"]
[PlyCount "92"]
[EventDate "1992.09.??"]
[EventType "swiss"]
[EventRounds "9"]
[EventCountry "FIN"]
[SourceTitle "CBM 032"]
[Source "ChessBase"]
[SourceDate "1993.02.01"]
[SourceVersion "1"]
[SourceVersionDate "1993.02.01"]
[SourceQuality "1"]

1. c4 e5 2. g3 Nc6 3. Bg2 f5 4. Nc3 Nf6 5. e3 g6 6. Nge2 Bg7 7. O-O O-O 8. d3
Kh8 (8... Ne7 9. b3 c6 10. Ba3 d6 11. Qd2 Be6 12. f4 Qd7 13. Rae1 Rad8 14. Bb2
Bf7 15. Kh1 b6 16. Ng1 Kh8 17. Nf3 $14 {Ree,H-Peelen,P Amsterdam OHRA-B 1989
CBM/15}) 9. b3 Ne7 10. e4 (10. Qd2 c6 11. Ba3 d6 12. f4 $14) (10. d4 e4 11. f3
d5 12. Ba3 c6 13. cxd5 cxd5 14. Qd2 a6 15. Rac1 Re8 16. f4 b6 17. Rc2 Bb7 18.
Na4 Nc6 19. Rfc1 Re6 20. Nec3 Rc8 21. Bf1 h6 22. Be2 h5 23. h4 Na7 24. Nd1 $14
{Damljanovic,B-Sokolov,I Belgrad 1991 CBM/27}) 10... d6 11. exf5 Nxf5 12. d4 $1
exd4 13. Nxd4 Nxd4 14. Qxd4 Bf5 15. Bg5 Qd7 16. Qd2 Rae8 17. Bh6 (17. Bxb7 $2
c6 $1 $17) 17... Bh3 18. Bxg7+ Kxg7 19. Rae1 Bxg2 20. Kxg2 a6 21. Qd4 Kg8 22.
Nd5 (22. Rxe8 Qxe8 23. Nd5 $14) 22... Nxd5 23. Qxd5+ (23. Rxe8 Nf4+ $1 24. Qxf4
Qxe8 $10) 23... Qf7 24. Rxe8 Qxd5+ 25. cxd5 Rxe8 26. Rc1 Re7 27. f4 Kf7 28. Kf3
Ke8 29. h4 h5 30. g4 hxg4+ 31. Kxg4 Kf7 32. Kg5 Kg7 33. Rc4 Rf7 34. Kg4 Re7 35.
Kg5 Rf7 36. Kg4 Re7 37. a4 a5 38. Kg5 Rf7 39. Kg4 Re7 40. Kg5 Rf7 41. h5 Rf5+
42. Kg4 Rxh5 43. Rxc7+ Kf6 44. Rxb7 Rxd5 45. Kf3 Rc5 46. Ke4 g5 1/2-1/2

[Event "Women-Veterans"]
[Site "Aruba"]
[Date "1992.??.??"]
[Round "12"]
[White "Panno, Oscar"]
[Black "Polgar, Zsuzsa"]
[Result "1-0"]
[WhiteElo "2485"]
[BlackElo "2540"]
[Annotator "Ribli,Z"]
[PlyCount "119"]
[EventDate "1992.08.??"]
[EventType "schev"]
[EventRounds "6"]
[EventCountry "NAU"]
[SourceTitle "CBM 033"]
[Source "ChessBase"]
[SourceDate "1993.04.01"]
[SourceVersion "1"]
[SourceVersionDate "1993.04.01"]
[SourceQuality "1"]

1. c4 e5 2. g3 Nc6 3. Bg2 g6 4. Nc3 Bg7 5. e3 d6 6. Nge2 Nge7 (6... h5 $5 7. d4
h4 8. d5 Nb8 9. e4 Bg4 $13 {Rogres,I-Watson,W Prague Chip 1992 CBM/27}) 7. d3
Bg4 $6 (7... O-O $5) 8. h3 Be6 9. Nd5 $1 O-O 10. O-O Qd7 11. Kh2 Rae8 (11... f5
$5) 12. Qa4 $1 {>< a7 ,c6 ,c7} Nc8 13. Bd2 f5 14. f4 $1 Rf7 15. Qb5 $1 Nd8 (
15... Nb6 16. a4 $1 $36) 16. Nxc7 $1 Qxb5 (16... Qxc7 17. Qxe8+ Rf8 18. Qb5 $18
) 17. Nxb5 exf4 18. Nxf4 Bxb2 19. Rab1 Be5 20. Nd4 $1 Bxf4 (20... Bxd4 21. exd4
$16) 21. gxf4 b6 22. a4 $36 Rfe7 23. a5 Bf7 24. Rb3 Ne6 25. Nc6 Rc7 26. Nb4 {
>< d5} Nc5 27. Ra3 Ne7 28. axb6 axb6 29. Rb1 $16 {>< b6} Rd8 30. Bc3 d5 31. Bf6
$18 dxc4 32. Bxe7 Rxe7 33. Nc6 Red7 34. Nxd8 Rxd8 35. dxc4 Rd2 36. Rxb6 Bxc4
37. Kg3 Kg7 38. Rc3 Bf1 39. Bf3 Nd7 40. Rb7 Kh6 41. Rc1 Ba6 42. Ra7 Bb5 43. Rd1
$1 Rxd1 44. Bxd1 Nf6 45. Bf3 Bc4 46. Rc7 Bd5 47. Rc5 Bxf3 48. Kxf3 Kh5 49. Rc7
h6 50. Rf7 Ne4 51. Re7 Nd2+ 52. Kg2 Kh4 53. Re6 h5 54. Rxg6 Nc4 55. Rg5 (55.
Rg3 $2 Nxe3+ 56. Rxe3 $10) 55... Nxe3+ 56. Kf2 Nc2 57. Rxf5 Kxh3 58. Rc5 Nb4
59. Kf3 Kh4 60. Rc1 1-0

[Event "Vilnius zt"]
[Site "Vilnius"]
[Date "1993.??.??"]
[Round "?"]
[White "Butnorius, Algimantas"]
[Black "Zhuravlev, Valery Ivanovich"]
[Result "1-0"]
[WhiteElo "2415"]
[BlackElo "2350"]
[Annotator "Ribli,Z"]
[PlyCount "97"]
[EventDate "1993.03.??"]
[EventType "tourn"]
[EventRounds "13"]
[EventCountry "LTU"]
[EventCategory "8"]
[SourceTitle "CBM 035"]
[Source "ChessBase"]
[SourceDate "1993.08.01"]
[SourceVersion "1"]
[SourceVersionDate "1993.08.01"]
[SourceQuality "1"]

1. c4 e5 2. Nc3 d6 3. g3 Nc6 4. Bg2 Be6 5. d3 (5. b4 $5 Qd7 6. b5 Nd8 7. d3 g6
8. Bd2 $14) 5... Qd7 6. Rb1 (6. b4 $5 Nxb4 7. Bxb7 Rb8 8. Bg2) 6... g6 7. b4
Bg7 8. b5 Nd8 9. Bd2 Ne7 10. Nd5 (10. Nf3 h6 11. O-O O-O $13) 10... O-O 11. Qc1
f5 (11... c6 12. Nxe7+ Qxe7 13. Nf3) 12. h4 $5 Bf7 13. Nh3 c6 14. Nxe7+ Qxe7
15. bxc6 bxc6 16. O-O Rc8 17. Bh6 $1 Be8 18. Bxg7 Kxg7 (18... Qxg7 19. f4 $14)
19. Qc3 Qf6 20. f4 $1 exf4 21. Qxf6+ Rxf6 22. gxf4 (22. Nxf4 Ne6 (22... h6 $5)
23. Rb2 $14) 22... h6 23. Rb2 Rf7 24. Rfb1 Rfc7 25. Kf2 Bf7 26. Rb8 $14 Kf6 27.
a4 d5 28. cxd5 cxd5 29. Rxc8 Rxc8 30. Rb5 d4 31. Ra5 Rc7 32. Ra6+ Ke7 33. h5 $1
Ne6 (33... gxh5 34. Rxh6 Ne6 35. Ng5 $16) 34. hxg6 Bxg6 35. Bd5 Nf8 36. Ng1 $1
$18 Be8 37. Nf3 Ng6 38. Kg3 h5 39. Nxd4 Rc5 40. Nxf5+ Kd8 41. Be4 h4+ 42. Nxh4
Nxh4 43. Kxh4 Rc2 44. Bf3 Rc7 45. f5 Ke7 46. Kg5 Kf8 47. Bd5 Rg7+ 48. Kf4 Rh7
49. e4 1-0